[Event "HUN-chT2 Erkel 0708"]
[Site "Hungary"]
[Date "2008.03.16"]
[Round "8"]
[White "Kanya, Zoltan"]
[Black "Veres, Istvan"]
[Result "1/2-1/2"]
[WhiteElo "2073"]
[BlackElo "2063"]
[PlyCount "110"]
[EventDate "2007.10.14"]
[EventType "team"]
[EventRounds "11"]
[EventCountry "HUN"]
[SourceTitle "EXT 2009"]
[Source "ChessBase"]
[SourceDate "2008.11.26"]
[SourceVersion "1"]
[SourceVersionDate "2008.11.26"]
[SourceQuality "1"]
[WhiteTeam "Paszto"]
[BlackTeam "Vaci"]
[WhiteTeamCountry "HUN"]
[BlackTeamCountry "HUN"]

1. e4 c5 2. Nf3 Nc6 3. d4 cxd4 4. Nxd4 Nf6 5. Nc3 e5 6. Nxc6 bxc6 7. Bc4 Bb4 8. 0-0 h6 9. Qe2 Bxc3 10. bxc3 0-0 11. Ba3 Re8 12. Bd6 a5 13. Rab1 a4 14. f4 exf4 15. e5 Qa5 16. Qf3 Rxe5 17. Bxe5 Qxe5 18. Qxf4 Qxc3 19. Bd3 Qc5+ 20. Kh1 d6 21. Qh4 Qg5 22. Qb4 Ne8 23. Qe4 Be6 24. Rbe1 g6 25. c4 Rc8 26. Qf3 Qg4 27. Qe3 Kg7 28. h3 Qg5 29. Qa7 Rc7 30. Qxa4 Nf6 31. Qc2 Nh5 32. Qc3+ Kg8 33. Rf3 Rc8 34. Qd4 d5 35. g4 Ng7 36. Qf4 Qxf4 37. Rxf4 g5 38. Rd4 c5 39. Rxd5 Bxd5+ 40. cxd5 Ne8 41. Bb5 Nd6 42. Bc6 Rc7 43. Rc1 c4 44. Kg2 Kg7 45. Kf3 Re7 46. a4 f5 47. gxf5 Kf6 48. Bb5 Nxf5 49. Rxc4 Re3+ 50. Kg2 Rg3+ 51. Kh2 Ne3 52. Re4 Nxd5 53. Re8 Nc3 54. Rh8 Kg7 55. Rb8 Nxa4 1/2-1/2

[Event "HUN-chT2 Erkel 0607"]
[Site "Hungary"]
[Date "2007.02.18"]
[Round "5"]
[White "Sillye, Kalman"]
[Black "Veres, Istvan"]
[Result "1/2-1/2"]
[WhiteElo "2122"]
[BlackElo "2082"]
[PlyCount "34"]
[EventDate "2006.11.12"]
[EventType "team"]
[EventRounds "11"]
[EventCountry "HUN"]
[SourceTitle "EXT 2008"]
[Source "ChessBase"]
[SourceDate "2007.11.25"]
[SourceVersion "1"]
[SourceVersionDate "2007.11.25"]
[SourceQuality "1"]
[WhiteTeam "Godollo"]
[BlackTeam "Vaci"]
[WhiteTeamCountry "HUN"]
[BlackTeamCountry "HUN"]

1. d4 Nf6 2. Nf3 c5 3. c3 cxd4 4. cxd4 d5 5. Bf4 Qb6 6. Qc1 Nc6 7. e3 Bf5 8. a3 Rc8 9. Nc3 h6 10. Be2 e6 11. 0-0 Be7 12. b4 Qd8 13. Qb2 0-0 14. h3 Nd7 15. Bh2 Nb6 16. Rac1 Bd6 17. Bxd6 Qxd6 1/2-1/2

[Event "HUN-chT2 Erkel 0506"]
[Site "Hungary"]
[Date "2006.04.09"]
[Round "10"]
[White "Ponyi, Attila"]
[Black "Veres, Istvan"]
[Result "0-1"]
[WhiteElo "2109"]
[BlackElo "2082"]
[PlyCount "64"]
[EventDate "2005.10.16"]
[EventType "team"]
[EventRounds "11"]
[EventCountry "HUN"]
[SourceTitle "EXT 2009"]
[Source "ChessBase"]
[SourceDate "2008.11.26"]
[SourceVersion "1"]
[SourceVersionDate "2008.11.26"]
[SourceQuality "1"]
[WhiteTeam "Vasarteri"]
[BlackTeam "Vaci"]
[WhiteTeamCountry "HUN"]
[BlackTeamCountry "HUN"]

1. d4 Nf6 2. c3 g6 3. Bg5 Bg7 4. Nd2 0-0 5. e4 d6 6. Bc4 Nbd7 7. Ne2 Nb6 8. Bb3 c5 9. 0-0 Bd7 10. e5 dxe5 11. dxc5 Nc8 12. Nf3 Ne4 13. Be3 Qc7 14. Qd3 Bc6 15. Rfd1 Nxc5 16. Bxc5 e4 17. Qe3 exf3 18. gxf3 b6 19. Ba3 Re8 20. Nd4 Bb7 21. Ba4 Rf8 22. Nb5 Qe5 23. Rd7 Bc6 24. Qxe5 Bxe5 25. Rd3 Rb8 26. Re1 Bf6 27. c4 a6 28. Nc3 Bxc3 29. Bxc6 Bxe1 30. Kf1 b5 31. Kxe1 b4 32. Rb3 a5 0-1